Statistics for Medical Prefixes that are not Easily Inferred

Click here to take the quiz!

General Stats

  • This quiz has been taken 878 times
  • The average score is 6 of 19

Answer Stats

PrefixMeaning% Correct
Dactyl/oFingers or toes
64%
Cholecyst/oGallbladder
60%
Axill/oArmpit
58%
Myos/oMuscle
57%
Spondyl/oVertebra or spine
50%
Cost/oRib
42%
Orch/o, orchi/o, or orchid/oTesticle
39%
Blephar/oEyelid
33%
Stomat/oMouth
29%
Lapar/oAbdomen
28%
Colp/oVagina
26%
Onycho/oNail
24%
Balan/oPenis
24%
Vesic/oBladder
23%
Myring/oEardrum
13%
Hypophys/oPituitary gland
13%
Bari/oWeight
12%
Phak/oLens of the eye
5%
Theli/o or thel/oNipple
2%

Score Distribution

Percentile by Number Answered

Percent of People with Each Score

Your Score History

You have not taken this quiz